Applied business tools and technologies in tourism and hospitality / (Record no. 7801)

MARC details
000 -LEADER
fixed length control field 00792nam a22002297a 4500
003 - CONTROL NUMBER IDENTIFIER
control field OSt
005 - DATE AND TIME OF LATEST TRANSACTION
control field 20260126065410.0
008 - FIXED-LENGTH DATA ELEMENTS--GENERAL INFORMATION
fixed length control field 260126b |||||||| |||| 00| 0 eng d
020 ## - INTERNATIONAL STANDARD BOOK NUMBER
International Standard Book Number 9786214063819
040 ## - CATALOGING SOURCE
Original cataloging agency DWCL - Main Lib.
Transcribing agency OC
082 ## - DEWEY DECIMAL CLASSIFICATION NUMBER
Classification number Fil. 651.9 M251a 2024
100 ## - MAIN ENTRY--PERSONAL NAME
Personal name Maliwat, Markdolf C.
Relator term Author
245 ## - TITLE STATEMENT
Title Applied business tools and technologies in tourism and hospitality /
Statement of responsibility, etc. Markdolf C. Maliwat & Jefferson S. Marcelo
260 ## - PUBLICATION, DISTRIBUTION, ETC.
Place of publication, distribution, etc. Manila, Philippines:
Name of publisher, distributor, etc. Mindshapers Co.,
Date of publication, distribution, etc. c2024
300 ## - PHYSICAL DESCRIPTION
Extent viii,
Other physical details 211 pages;
Dimensions 23 cm.
504 ## - BIBLIOGRAPHY, ETC. NOTE
Bibliography, etc. note Includes bibliographical references.
650 ## - SUBJECT ADDED ENTRY--TOPICAL TERM
Topical term or geographic name entry element 1. Business tools.
650 ## - SUBJECT ADDED ENTRY--TOPICAL TERM
Topical term or geographic name entry element 2. Tourism industry.
650 ## - SUBJECT ADDED ENTRY--TOPICAL TERM
Topical term or geographic name entry element 3. Hospitality industry.
700 ## - ADDED ENTRY--PERSONAL NAME
Personal name I. Marcelo, Jefferson S.
Relator term Author
942 ## - ADDED ENTRY ELEMENTS (KOHA)
Source of classification or shelving scheme Dewey Decimal Classification
Koha item type Book-Filipiniana
Suppress in OPAC No
952 ## - LOCATION AND ITEM INFORMATION (KOHA)
--
Holdings
Withdrawn status Lost status Source of classification or shelving scheme Damaged status Not for loan Home library Current library Shelving location Date acquired Source of acquisition Cost, normal purchase price Total Checkouts Full call number Barcode Date last seen Copy number Price effective from Koha item type Uniform Resource Identifier
    Dewey Decimal Classification     HM & Nursing Library HM & Nursing Library Filipiniana 10/02/2025 School Fund 533.70   Fil. 651.9 M251a 2024 HMN54567 01/26/2026 c1 01/26/2026 BK - FIL